[Event "Indywidualne Mistrzostwa Polski do lat 20"]
[Site "Pokrzywna"]
[Date "1899-12-30"]
[Round "5.20"]
[White "Karolczuk, Iwo"]
[Black "Jedrusik, Adam"]
[Result "0-1"]
[WhiteTitle "k"]
[BlackTitle "I"]
[WhiteElo "2065"]
[BlackElo "1891"]

1. c4 f5 2. g3 Nf6 3. Nf3 g6 4. b4 Bg7 5. Bb2 O-O 6. Bg2 c6 7. O-O d6 8. d3 Nbd7
9. Nbd2 Re8 10. a4 a5 11. bxa5 e5 12. Nb3 Qe7 13. Ne1 g5 14. Nc2 h5 15. e3 g4
16. Nb4 Nb8 17. d4 e4 18. Re1 Nh7 19. c5 d5 20. Bc3 Ng5 21. Nd2 h4 22. Rb1 hxg3
23. fxg3 Qf6 24. Qb3 Qh6 25. Nxd5 cxd5 26. Qxd5+ Qe6 27. Qc4 Nf3+ 28. Bxf3 gxf3
29. Qxe6+ Bxe6 30. Rxb7 Nc6 31. Rb5 Ra7 32. g4 Bd5 33. gxf5 Bf6 34. Nf1 Rg7+ 35.
Ng3 Bh4 36. Kf2 Bxg3+ 37. hxg3 Rh7 38. Rb2 Rh2+ 39. Kg1 Rh3 40. Rh2 Rxg3+ 41.
Kf2 Rg7 42. Rg1 Rf8 43. Rh5 Rxg1 44. Kxg1 Rf6 45. a6 Ne7 46. a7 Rxf5 47. Rh2 Rf8
48. Ba5 Nc6 49. Bb6 Nxd4 50. Kf2 Nf5 51. Rh1 Bc6 52. Rh5 Nxe3 53. Rg5+ Kh7 0-1

[Event "Indywidualne Mistrzostwa Polski do lat 20"]
[Site "Pokrzywna"]
[Date "1899-12-30"]
[Round "5.21"]
[White "Majek, Kacper"]
[Black "Haliniak, Wojciech"]
[Result "1-0"]
[WhiteTitle "I++"]
[BlackTitle "I"]
[WhiteElo "2057"]
[BlackElo "1764"]

1. d4 Nf6 2. c4 c5 3. d5 b5 4. cxb5 a6 5. e3 axb5 6. Bxb5 Qa5+ 7. Nc3 Ba6 8. Bxa6
Qxa6 9. Nge2 d6 10. O-O g6 11. e4 Bg7 12. Bg5 Nbd7 13. f4 O-O 14. h3 Rfb8 15.
Rb1 c4 16. Kh1 Qa7 17. Qe1 Nc5 18. Nc1 Na4 19. Nxa4 Qxa4 20. Bxf6 Bxf6 21. Qe2
c3 22. b3 Qa6 23. Rf2 Qa7 24. Rf3 Rc8 25. Qc2 Qd4 26. a4 Qd2 27. Qxd2 cxd2 28.
Nd3 Rc2 29. Rff1 Rac8 30. Nb4 Rc1 31. Nc6 Bb2 32. Rbxc1 dxc1=Q 33. Rxc1 Bxc1 34.
Nxe7+ Kf8 35. Nxc8 Bxf4 36. a5 1-0

[Event "Indywidualne Mistrzostwa Polski do lat 20"]
[Site "Pokrzywna"]
[Date "1899-12-30"]
[Round "5.22"]
[White "Szczurek, Krzysztof"]
[Black "Karut, Kacper"]
[Result "1/2-1/2"]
[WhiteTitle "FM"]
[BlackTitle "I"]
[WhiteElo "2031"]
[BlackElo "1607"]

1. Nf3 Nf6 2. g3 g6 3. Bg2 Bg7 4. O-O O-O 5. c4 d6 6. d4 Nbd7 7. Nc3 e5 8. e4 exd4
9. Nxd4 c6 10. Bf4 Ne5 11. b3 Nh5 12. Bc1 Re8 13. Bb2 a6 14. Qd2 Qe7 15. Rad1
f6 16. Nde2 Nf7 17. Ba3 Rd8 18. Rfe1 Qc7 19. Qc2 f5 20. Bb2 fxe4 21. Nxe4 Bf5
22. Bxg7 Bxe4 23. Qxe4 Nxg7 24. h4 Re8 25. Qd3 Rad8 26. Nc3 Rxe1+ 27. Rxe1 Ne5
28. Qd2 b5 29. cxb5 axb5 30. Qc2 Qb6 31. Ne4 Nf5 32. Qd2 Qd4 33. Qxd4 Nxd4 34.
Rd1 c5 35. b4 Nec6 36. bxc5 dxc5 37. Kf1 c4 38. Nf6+ Kg7 1/2-1/2

[Event "Indywidualne Mistrzostwa Polski do lat 20"]
[Site "Pokrzywna"]
[Date "1899-12-30"]
[Round "5.24"]
[White "Warchol, Kamil"]
[Black "Kazmierowski, Tymon"]
[Result "1/2-1/2"]
[WhiteTitle "CM"]
[BlackTitle "I+"]
[WhiteElo "1755"]
[BlackElo "1996"]

1. e4 c5 2. Nf3 d6 3. d4 cxd4 4. Nxd4 Nf6 5. Nc3 a6 6. Bc4 e6 7. O-O b5 8. Bb3
Nbd7 9. Bxe6 fxe6 10. Nxe6 Qb6 11. Nd5 Nxd5 12. exd5 Nf6 13. Re1 Bxe6 14. Rxe6+
Kf7 15. Bg5 Be7 16. Qe2 Qd8 17. Re1 Ra7 18. Qe3 Rd7 19. Qh3 h6 20. Bh4 Rf8 21.
Bxf6 Bxf6 22. Qh5+ g6 23. Qxh6 Rh8 24. Qf4 Kg7 25. g3 Rf8 26. Qg4 Re7 27. h4 Rxe6
28. Rxe6 Re8 29. h5 g5 30. Qf5 Rxe6 31. Qg6+ Kf8 32. dxe6 Qe7 33. Qf5 Qg7 34.
c3 Ke7 35. Qd5 g4 36. Qb7+ Kxe6 37. Qxa6 Qd7 38. Qa8 Kf7 39. Qe4 d5 40. Qh7+ Ke6
41. Qg8+ Ke5 42. h6 1/2-1/2

[Event "Indywidualne Mistrzostwa Polski do lat 20"]
[Site "Pokrzywna"]
[Date "1899-12-30"]
[Round "5.25"]
[White "Baum, Jonasz"]
[Black "Liskiewicz, Jakub"]
[Result "1-0"]
[WhiteTitle "IM"]
[BlackTitle "I"]
[WhiteElo "2308"]
[BlackElo "1504"]

1. e4 d6 2. d4 Nf6 3. Nc3 g6 4. f3 Bg7 5. Be3 c6 6. Qd2 h5 7. Bd3 Nbd7 8. Nge2
Qc7 9. O-O O-O 10. Bh6 e5 11. Bc4 Qb6 12. Bxg7 Kxg7 13. a3 Re8 14. Kh1 Nf8 15.
d5 c5 16. Nd1 a5 17. a4 Qb4 18. Qd3 Qb6 19. Bb5 Bd7 20. Ne3 Bxb5 21. Qxb5 Qc7
22. Nc4 Reb8 23. Nc3 Qe7 24. Qb3 h4 25. Nb5 Ra6 26. Qc3 Qd8 27. Rae1 Nh5 28. f4
f6 29. Nbxd6 Nxf4 30. Nb5 Nd7 31. Nxe5 Nxd5 32. exd5 Nxe5 33. d6 Rxd6 34. Nxd6
Qxd6 35. Rd1 Qc6 36. h3 b6 37. b3 Rh8 38. Qd2 Rf8 39. Qd5 Qc7 40. Qe6 Rf7 41.
Rd6 Nd7 42. Rfd1 Nf8 43. Qc4 g5 44. Qb5 Qe7 45. Qxb6 Qe2 46. Qxc5 Ng6 47. Qc4
Qf2 48. R6d2 Qg3 49. Qd3 Qc7 50. Qf5 Nf4 51. Rd7 Qc6 52. Rxf7+ Kxf7 53. Qd7+ 1-0

[Event "Indywidualne Mistrzostwa Polski do lat 20"]
[Site "Pokrzywna"]
[Date "1899-12-30"]
[Round "5.26"]
[White "Ochedzan, Tymon"]
[Black "Kocierz, Pawel"]
[Result "1-0"]
[WhiteTitle "CM"]
[BlackTitle "II"]
[WhiteElo "2246"]
[BlackElo "1701"]

1. e4 c5 2. Nf3 g6 3. d4 cxd4 4. Nxd4 Bg7 5. c4 Nc6 6. Be3 Nf6 7. Nc3 d6 8. Be2
O-O 9. O-O Bd7 10. Nc2 a6 11. f3 Rb8 12. Qd2 Qa5 13. Rab1 Qc7 14. Rfc1 Be6 15.
b4 Ne5 16. Na3 Rfc8 17. Na4 Nfd7 18. h3 f5 19. f4 Nf7 20. Bd3 Qd8 21. exf5 Bxf5
22. Bxf5 gxf5 23. Qd5 b5 24. cxb5 axb5 25. Nxb5 e6 26. Qd3 Qe7 27. Na7 Rxc1+ 28.
Rxc1 Nd8 29. b5 Nc5 30. Nxc5 Qxa7 31. Na6 1-0

[Event "Indywidualne Mistrzostwa Polski do lat 20"]
[Site "Pokrzywna"]
[Date "1899-12-30"]
[Round "5.27"]
[White "Dalkowski, Rafal"]
[Black "Zabron, Maksym"]
[Result "0-1"]
[WhiteTitle "I"]
[BlackTitle "I++"]
[WhiteElo "1871"]
[BlackElo "1932"]

1. d4 Nf6 2. c4 e6 3. Nf3 d5 4. Nc3 c6 5. Bg5 h6 6. Bh4 Nbd7 7. e3 Be7 8. Bd3 O-O
9. O-O b6 10. Rb1 Bb7 11. b4 dxc4 12. Bxc4 Nd5 13. Bxe7 Qxe7 14. Nxd5 exd5 15.
Bd3 a5 16. b5 c5 17. dxc5 bxc5 18. a4 Rfd8 19. Qc2 d4 20. exd4 Bxf3 21. gxf3 cxd4
22. Rfc1 Nb6 23. Qb3 Nd5 24. Be4 Nf4 25. Kh1 Rab8 26. b6 d3 27. b7 d2 28. Rd1
Qc5 29. Rf1 Nh3 30. Qe3 Qxe3 31. fxe3 d1=Q 32. Rbxd1 Rxd1 33. Kg2 Rxf1 34. Kxf1
Ng5 0-1

[Event "Indywidualne Mistrzostwa Polski do lat 20"]
[Site "Pokrzywna"]
[Date "1899-12-30"]
[Round "5.28"]
[White "Janeczko, Jakub"]
[Black "Topola, Rafal"]
[Result "1-0"]
[WhiteTitle "I++"]
[BlackTitle "I"]
[WhiteElo "1980"]
[BlackElo "1827"]

1. e4 c6 2. d4 d5 3. Nc3 dxe4 4. Nxe4 Nd7 5. Bc4 Ngf6 6. Ng5 e6 7. Qe2 Nb6 8. Bd3
h6 9. N5f3 c5 10. dxc5 Bxc5 11. Ne5 O-O 12. Ngf3 Nbd5 13. c3 b6 14. g4 Bb7 15.
Bd2 Nd7 16. O-O-O Nxe5 17. Nxe5 Qc7 18. g5 Bd6 19. Rhe1 hxg5 20. Qh5 Nf6 21. Qxg5
Bxe5 22. Rxe5 Rfd8 23. Rg1 Ne8 24. Re3 Qxh2 25. Reg3 Qxf2 26. Qh6 Kf8 27. Rxg7
Nxg7 28. Qxg7+ Ke7 29. Rf1 Qg2 30. Rxf7+ Kd6 31. Bf4+ Kc5 32. b4+ 1-0

[Event "Indywidualne Mistrzostwa Polski do lat 20"]
[Site "Pokrzywna"]
[Date "1899-12-30"]
[Round "5.29"]
[White "Bojczewski, Mateusz"]
[Black "Rosa, Antoni"]
[Result "1/2-1/2"]
[WhiteTitle "I+"]
[BlackTitle "I"]
[WhiteElo "1960"]
[BlackElo "1416"]

1. e4 e6 2. d4 d5 3. Nd2 c5 4. Ngf3 Nc6 5. exd5 Qxd5 6. Bc4 Qd8 7. Nb3 cxd4 8.
Nbxd4 Nxd4 9. Nxd4 Nf6 10. O-O Be7 11. Bf4 a6 12. Be2 O-O 13. Bf3 Nd5 14. Bg3
Bf6 15. c3 Bd7 16. Bxd5 exd5 17. Nc2 Be6 18. Qf3 Qb6 19. Rfb1 Rfe8 20. Bf4 Bf5
21. Be3 Qe6 22. Rc1 Be4 23. Qe2 Qf5 24. Nd4 Bxd4 25. cxd4 Re6 26. f3 Bd3 27. Qf2
Rae8 28. Re1 Rc8 29. Rac1 Rc2 30. Rxc2 Bxc2 31. Rc1 Qd3 32. Qd2 h6 33. Qxd3 Bxd3
34. Kf2 Rc6 35. Rxc6 bxc6 36. Ke1 Kf8 37. Kd2 Bf1 38. g3 Ke7 39. Kc3 Be2 40. f4
1/2-1/2

[Event "Indywidualne Mistrzostwa Polski do lat 20"]
[Site "Pokrzywna"]
[Date "1899-12-30"]
[Round "5.30"]
[White "Klim, Filip"]
[Black "Klim, Juliusz"]
[Result "1-0"]
[WhiteTitle "I++"]
[BlackTitle "II"]
[WhiteElo "1897"]
[BlackElo "1292"]

1. e4 e5 2. Nf3 Nc6 3. Bc4 Bc5 4. c3 Nf6 5. d3 a6 6. O-O d6 7. Bb3 h6 8. Be3 Bxe3
9. fxe3 O-O 10. Nbd2 Be6 11. Bc2 d5 12. exd5 Nxd5 13. Qe2 Qd7 14. Nc4 Qe7 15.
Rae1 Bg4 16. e4 Nf4 17. Qf2 Qe6 18. Kh1 Bxf3 19. Qxf3 Ng6 20. Bb3 Qd7 21. Qg3
Rad8 22. Qxg6 fxg6 23. Nxe5+ Kh7 24. Nxd7 Rxf1+ 25. Rxf1 Rxd7 26. d4 g5 27. g4
Nxd4 28. cxd4 Rxd4 29. Rf7 c5 30. Rxb7 a5 31. Bd5 Rd1+ 32. Kg2 Rd2+ 33. Kf3 Rd3+
34. Ke2 Rh3 35. Rb5 Rxh2+ 36. Kf3 Rh3+ 37. Kg2 Rd3 38. Rxc5 Rd2+ 39. Kf3 Rd3+
40. Ke2 Rg3 41. Be6 Rg2+ 42. Kf3 Rxb2 43. Rxa5 1-0

[Event "Indywidualne Mistrzostwa Polski do lat 20"]
[Site "Pokrzywna"]
[Date "1899-12-30"]
[Round "5.31"]
[White "Wasik, Mateusz"]
[Black "Czak, Dominik"]
[Result "1-0"]
[WhiteTitle "I"]
[BlackTitle "II"]
[WhiteElo "1765"]
[BlackElo "1267"]

1. e4 c6 2. d4 d5 3. exd5 cxd5 4. Bd3 Nc6 5. c3 Nf6 6. Bf4 e6 7. Nf3 Bd6 8. Bg3
O-O 9. Nbd2 Bxg3 10. hxg3 Re8 11. Qc2 h6 12. O-O Bd7 13. Rae1 Rc8 14. Qb1 Qc7
15. Ne5 Nxe5 16. dxe5 Ng4 17. Nf3 f6 18. exf6 Nxf6 19. Ne5 a6 20. Re3 Bb5 21.
Bxb5 axb5 22. Qg6 Ne4 23. Ng4 Kh8 24. Rfe1 Qe7 25. Ne5 Kg8 26. f3 Nf6 27. g4 Nd7
28. Nxd7 Qxd7 29. Rxe6 Rxe6 30. Qxe6+ Qxe6 31. Rxe6 b4 32. Re3 bxc3 33. Rxc3 Ra8
34. a3 Rd8 35. Kf2 Rd7 36. Ke2 Kf7 37. Kd3 Ke6 38. Kd4 g5 39. Rb3 Kf7 40. Rb6
Kg7 41. Re6 Kh7 42. Re5 1-0

[Event "Indywidualne Mistrzostwa Polski do lat 20"]
[Site "Pokrzywna"]
[Date "1899-12-30"]
[Round "5.32"]
[White "Ochedzan, Filip"]
[Black "Durzynski, Jan"]
[Result "1-0"]
[WhiteTitle "II"]
[BlackTitle "II+"]
[WhiteElo "1617"]
[BlackElo "1266"]

1. e4 c5 2. Nf3 e6 3. d4 cxd4 4. Nxd4 Nf6 5. Bd3 Be7 6. Qe2 d6 7. c4 a6 8. Nc3
O-O 9. O-O b6 10. f4 Bb7 11. Bd2 Qc7 12. Rae1 Nbd7 13. Kh1 Nc5 14. Bb1 Rac8 15.
b3 Rfe8 16. Nf3 Rcd8 17. e5 Nfd7 18. b4 Bxf3 19. Rxf3 Nb7 20. Bxh7+ Kxh7 21. Rh3+
Kg8 22. Qh5 f6 23. Qh7+ Kf7 24. f5 Nxe5 25. Rxe5 dxe5 26. Qg6+ Kg8 27. Qh7+ Kf7
28. Qh5+ Kg8 29. fxe6 Rxd2 30. Qh8# 1-0

[Event "Indywidualne Mistrzostwa Polski do lat 20"]
[Site "Pokrzywna"]
[Date "1899-12-30"]
[Round "5.33"]
[White "Krawczyk, Eryk"]
[Black "Suska, Szymon"]
[Result "0-1"]
[WhiteTitle "III"]
[BlackTitle "I"]
[WhiteElo "1233"]
[BlackElo "1548"]

1. d4 Nf6 2. c4 e6 3. Nc3 b6 4. e3 Bb7 5. Nf3 Bb4 6. Bd2 d5 7. a3 Be7 8. Be2 dxc4
9. Bxc4 O-O 10. O-O Nbd7 11. Re1 c5 12. dxc5 Nxc5 13. Be2 Rc8 14. Rc1 Nfe4 15.
Nxe4 Nxe4 16. Rxc8 Qxc8 17. Bd3 Rd8 18. Bxe4 Bxe4 19. Qc1 Qxc1 20. Bxc1 h6 21.
h3 Bf6 22. Nd2 Bb7 23. f3 Bxb2 24. Nc4 Bc3 25. Re2 Rd1+ 26. Kf2 Rxc1 27. Nd6 Ba6
28. Ra2 Be1+ 29. Kg1 Bg3# 0-1

[Event "Indywidualne Mistrzostwa Polski do lat 20"]
[Site "Pokrzywna"]
[Date "1899-12-30"]
[Round "5.34"]
[White "Kowalczyk, Jakub"]
[Black "Jaworski, Tymon"]
[Result "0-1"]
[WhiteTitle "II"]
[BlackTitle "I"]
[WhiteElo "1200"]
[BlackElo "1510"]

1. e4 e6 2. d4 d5 3. Nd2 Nf6 4. e5 Nfd7 5. Bd3 c5 6. c3 Nc6 7. Ne2 Be7 8. O-O O-O
9. Nf3 f6 10. exf6 Bxf6 11. Be3 b6 12. a3 e5 13. dxe5 Ndxe5 14. Nxe5 Nxe5 15.
Bc2 Nc4 16. Qc1 Ba6 17. Re1 d4 18. cxd4 cxd4 19. Bb3 Rc8 20. Bd2 Kh8 21. Bxc4
Bxc4 22. Qd1 Bxe2 23. Rxe2 d3 24. Re3 Bxb2 25. Ra2 Bd4 26. Rf3 Qd5 27. Bb4 Rxf3
28. Qxf3 0-1

[Event "Indywidualne Mistrzostwa Polski do lat 20"]
[Site "Pokrzywna"]
[Date "1899-12-30"]
[Round "5.35"]
[White "Starosciak, Szymon"]
[Black "Boryna, Szymon"]
[Result "1-0"]
[WhiteTitle "I"]
[BlackTitle "II"]
[WhiteElo "1864"]
[BlackElo "1107"]

1. e4 e6 2. d4 d5 3. Nd2 c5 4. exd5 exd5 5. Ngf3 Nf6 6. Bb5+ Bd7 7. Bxd7+ Nbxd7
8. O-O Be7 9. dxc5 Nxc5 10. Nb3 O-O 11. Nfd4 Nxb3 12. axb3 Bc5 13. Be3 Rc8 14.
c3 a6 15. Qf3 Ne4 16. Rfd1 Qf6 17. Qxf6 Nxf6 18. Nf5 Bxe3 19. Ne7+ Kh8 20. Nxc8
Bxf2+ 21. Kxf2 Rxc8 22. Re1 Rc7 23. Re2 g5 24. Kg1 Kg7 25. Rae1 Ne4 26. c4 Nf6
27. Re7 Rxe7 28. Rxe7 dxc4 29. bxc4 b5 30. c5 a5 31. c6 a4 32. Rb7 1-0

[Event "Indywidualne Mistrzostwa Polski do lat 20"]
[Site "Pokrzywna"]
[Date "1899-12-30"]
[Round "5.36"]
[White "Stachecki, Mikolaj"]
[Black "Bochenek, Ryszard"]
[Result "1/2-1/2"]
[WhiteTitle "I+"]
[BlackTitle "II"]
[WhiteElo "1822"]
[BlackElo "1445"]

1. e4 c5 2. Nf3 Nc6 3. d4 cxd4 4. Nxd4 e5 5. Nb5 d6 6. c4 Be7 7. N1c3 a6 8. Na3
Nf6 9. Be2 O-O 10. Be3 Be6 11. O-O Nd7 12. Nd5 f5 13. exf5 Bxf5 14. Bg4 Bxg4 15.
Qxg4 Nf6 16. Qe6+ Kh8 17. Nb6 Rb8 18. Rad1 Re8 19. Nc2 Ne4 20. Qf5 Nf6 21. b4
Bf8 22. c5 d5 23. Bg5 d4 24. a3 Be7 25. Ne3 Rf8 26. Qb1 Nd7 27. Bxe7 Qxe7 28.
Nf5 Qe6 29. Nxd7 Qxd7 30. Nd6 Rf6 31. Rd3 Rbf8 1/2-1/2

[Event "Indywidualne Mistrzostwa Polski do lat 20"]
[Site "Pokrzywna"]
[Date "1899-12-30"]
[Round "6.1"]
[White "Kosakowski, Jakub"]
[Black "Pacan-milej, Kosma"]
[Result "1/2-1/2"]
[WhiteTitle "IM"]
[BlackTitle "FM"]
[WhiteElo "2431"]
[BlackElo "2423"]

1. e4 c5 2. Nf3 Nc6 3. d4 cxd4 4. Nxd4 e5 5. Nb3 Nf6 6. Nc3 Bb4 7. Bc4 O-O 8. Qd3
d5 9. Bxd5 Nxd5 10. exd5 Ne7 11. O-O Bf5 12. Qe2 Bxc3 13. bxc3 Qxd5 14. Ba3 Rfe8
15. Rad1 Qe4 16. Qb5 a6 17. Qa5 Nc6 18. Qb6 Qa4 19. Bc1 Qb5 20. Be3 Bxc2 21. Rd2
Bxb3 22. axb3 Rad8 23. Rfd1 Rxd2 24. Rxd2 Qxb6 25. Bxb6 f6 26. Kf1 Kf7 27. b4
Ke6 28. Ke2 Re7 29. Rb2 Rd7 30. b5 axb5 31. Rxb5 g5 32. f3 h5 33. Be3 h4 34. g3
Ne7 35. gxh4 gxh4 36. f4 Nd5 37. Bd2 h3 38. fxe5 fxe5 39. c4 Ne7 40. Rb3 Nf5 41.
Rxh3 Nd4+ 42. Ke3 1/2-1/2

[Event "Indywidualne Mistrzostwa Polski do lat 20"]
[Site "Pokrzywna"]
[Date "1899-12-30"]
[Round "6.2"]
[White "Psyk, Radoslaw"]
[Black "Janik, Igor"]
[Result "0-1"]
[WhiteTitle "k++"]
[BlackTitle "IM"]
[WhiteElo "2375"]
[BlackElo "2489"]

1. e4 e5 2. Nf3 Nc6 3. Bb5 a6 4. Ba4 Nf6 5. O-O b5 6. Bb3 Bc5 7. a4 Rb8 8. c3 d6
9. d4 Bb6 10. a5 Ba7 11. h3 O-O 12. Re1 Bb7 13. Be3 exd4 14. cxd4 Nb4 15. Bg5
h6 16. Bh4 c5 17. Qd2 Re8 18. Nc3 c4 19. Bd1 Nd3 20. Re2 Re6 21. d5 Re8 22. Bc2
b4 23. Na4 Nxb2 24. Nxb2 c3 25. Qd3 cxb2 26. Rb1 g5 27. Bg3 Rc8 28. e5 Rc3 29.
Qf5 dxe5 30. Rxe5 Rxe5 31. Bxe5 Bc8 32. Qxf6 Qxf6 33. Bxf6 Rxc2 34. Rxb2 Bxf2+
35. Kf1 Rxb2 36. Bxb2 Bg3 37. Ne5 Kf8 38. Nc6 Bd6 39. Ke2 Bf5 40. Ke3 h5 41. Kd4
b3 42. Ne5 f6 43. Nc4 Bb4 44. Ne3 Bc2 45. Kc4 Bd2 46. Nf1 Bxa5 47. Bxf6 Kf7 48.
Bb2 Bd8 49. Ne3 Bf6 50. Bc1 Ke7 51. Ba3+ Kd7 52. Bc1 h4 53. Ng4 Be7 54. Bb2 a5
55. Kb5 Kd6 56. Ne3 Bd8 57. Kc4 Be4 58. Ba3+ Ke5 59. Ng4+ Kf5 60. Kc5 Kf4 61.
d6 Bxg2 62. Bc1+ Kg3 63. Ne5 Bxh3 64. d7 Bxd7 65. Nxd7 h3 66. Bb2 h2 67. Be5+
Kg2 68. Bxh2 b2 69. Kd4 0-1

[Event "Indywidualne Mistrzostwa Polski do lat 20"]
[Site "Pokrzywna"]
[Date "1899-12-30"]
[Round "6.3"]
[White "Teclaf, Pawel"]
[Black "Czernek, Tymon"]
[Result "1-0"]
[WhiteTitle "IM"]
[BlackTitle "FM"]
[WhiteElo "2477"]
[BlackElo "2359"]

1. Nf3 d5 2. e3 Bg4 3. c4 c6 4. Qb3 Bxf3 5. Qxb7 Bg4 6. Qxa8 Qc7 7. cxd5 Bc8 8.
Nc3 Nf6 9. dxc6 a6 10. b4 e5 11. b5 Bb4 12. Rb1 Bxc3 13. b6 Qxc6 14. Qxc6+ Nxc6
15. b7 Bxb7 16. Rxb7 Ba5 17. Ba3 Ne4 18. Bxa6 Nxd2 19. Bb5 Nb1+ 20. Kf1 Nxa3 21.
Bxc6+ Kd8 22. Rb8+ 1-0

[Event "Indywidualne Mistrzostwa Polski do lat 20"]
[Site "Pokrzywna"]
[Date "1899-12-30"]
[Round "6.4"]
[White "Chylewski, Patryk"]
[Black "Fus, Jakub"]
[Result "1/2-1/2"]
[WhiteTitle "FM"]
[BlackTitle "FM"]
[WhiteElo "2330"]
[BlackElo "2401"]

1. c4 Nf6 2. Nf3 g6 3. g3 Bg7 4. Bg2 O-O 5. O-O d6 6. Nc3 e5 7. d4 Nc6 8. dxe5
dxe5 9. Bg5 Be6 10. Qa4 Qc8 11. Rfd1 Nd7 12. Nd5 Re8 13. Be3 h6 14. Qc2 Nd8 15.
Rac1 f5 16. b3 Nf7 17. Ne1 c6 18. Nc3 Nf6 19. Nd3 Qc7 20. Nc5 Bc8 21. Qb1 Ng4
22. Bd2 e4 23. Be1 Qe7 24. N5a4 e3 25. f4 g5 26. Bf3 Nf2 27. Bxf2 exf2+ 28. Kxf2
Qe3+ 29. Kf1 Bd4 30. Rxd4 Qxd4 31. Rd1 Qf6 32. Qc1 Qe7 33. Nb2 Bd7 34. Bh5 Red8
35. Bxf7+ Kxf7 36. Nd3 Be6 37. Qe3 Kg7 1/2-1/2

[Event "Indywidualne Mistrzostwa Polski do lat 20"]
[Site "Pokrzywna"]
[Date "1899-12-30"]
[Round "6.5"]
[White "Mis, Mieszko"]
[Black "Godzwon, Iwo"]
[Result "1/2-1/2"]
[WhiteTitle "FM"]
[BlackTitle "FM"]
[WhiteElo "2358"]
[BlackElo "2347"]

1. d4 Nf6 2. c4 g6 3. Nc3 d5 4. Nf3 Bg7 5. Bf4 O-O 6. Rc1 c5 7. dxc5 Ne4 8. cxd5
Nxc3 9. bxc3 Qa5 10. Be5 Bxe5 11. Nxe5 Qxc5 12. e4 e6 13. Qd4 Qa3 14. Rc2 exd5
15. exd5 Bf5 16. Nc4 Re8+ 17. Be2 Qa4 18. Rb2 Nc6 19. Qc5 Ne5 20. Nxe5 Rxe5 21.
O-O Rc8 22. Qd6 Rxe2 23. Rxe2 Bd3 24. Qe7 Qc4 25. Rd2 Bxf1 26. d6 Qc6 27. Kxf1
Re8 28. d7 Rxe7 29. d8=Q+ Re8 30. Qd3 Qc7 31. Qd7 Qc4+ 32. Qd3 Qh4 33. h3 Qf4
34. Qd6 Qc4+ 35. Qd3 Rc8 36. Qxc4 Rxc4 37. Rc2 Kf8 38. Ke2 1/2-1/2

[Event "Indywidualne Mistrzostwa Polski do lat 20"]
[Site "Pokrzywna"]
[Date "1899-12-30"]
[Round "6.6"]
[White "Karpus, Michal"]
[Black "Szpar, Milosz"]
[Result "0-1"]
[WhiteTitle "FM"]
[BlackTitle "FM"]
[WhiteElo "2311"]
[BlackElo "2449"]

1. e4 c5 2. Nf3 Nc6 3. d4 cxd4 4. Nxd4 Nf6 5. Nc3 d6 6. Bg5 e6 7. Qd2 Be7 8. O-O-O
O-O 9. f4 Nxd4 10. Qxd4 Qa5 11. Bc4 Bd7 12. e5 dxe5 13. fxe5 Bc6 14. Bd2 Nd7 15.
Nd5 Qc5 16. Nxe7+ Qxe7 17. Rhe1 Rfd8 18. Qf4 Nf8 19. Bd3 Ng6 20. Qg3 Rd4 21. Bg5
Qc7 22. h4 f5 23. h5 Rg4 24. Qe3 Nxe5 25. Qxe5 Qxe5 26. Rxe5 Rxg5 27. Rxe6 Rxh5
28. Bc4 Kf8 29. Bd5 Bxd5 30. Rxd5 Re8 31. Red6 Re2 32. Rd8+ Kf7 33. R5d7+ Kf6
34. Rxb7 Rh1+ 35. Rd1 Rxd1+ 36. Kxd1 Rxg2 37. Rxa7 h5 38. Ra8 h4 39. Rh8 Kg5 40.
a4 Kg4 41. b4 h3 42. b5 h2 43. b6 Rg1+ 44. Kd2 h1=Q 45. Rxh1 Rxh1 46. c4 f4 47.
c5 f3 48. c6 f2 49. c7 f1=Q 50. c8=Q+ Kf4 51. Qf8+ Ke4 52. Qe7+ Kd5 53. Qg5+ Kc6
54. Qg6+ Kc5 55. Qg5+ Kxb6 56. Qd8+ Kc5 57. Qa5+ Kd4 58. Qb6+ Ke5 59. Qc7+ Kf6
0-1

[Event "Indywidualne Mistrzostwa Polski do lat 20"]
[Site "Pokrzywna"]
[Date "1899-12-30"]
[Round "6.7"]
[White "Niedbala, Bartlomiej"]
[Black "Madajczak, Piotr"]
[Result "1-0"]
[WhiteTitle "FM"]
[BlackTitle "I"]
[WhiteElo "2348"]
[BlackElo "1829"]

1. d4 f5 2. Nf3 Nf6 3. g3 d6 4. Bg2 g6 5. O-O Bg7 6. b3 O-O 7. Bb2 Nbd7 8. c4 c6
9. Ng5 Nb6 10. Nd2 Qc7 11. Qc2 h6 12. Ngf3 Nh5 13. e4 e5 14. c5 dxc5 15. dxe5
Nd7 16. exf5 Nxe5 17. Nxe5 Bxe5 18. Bxe5 Qxe5 19. fxg6 Bf5 20. Nf3 Qf6 21. Qxc5
Bxg6 22. Rad1 b6 23. Qd4 Qe7 24. Ne5 Be8 25. Nxc6 Bxc6 26. Bxc6 Rad8 27. Bd5+
Kh7 28. Rfe1 Qc7 29. Qe4+ Kg7 30. Qg4+ 1-0

[Event "Indywidualne Mistrzostwa Polski do lat 20"]
[Site "Pokrzywna"]
[Date "1899-12-30"]
[Round "6.8"]
[White "Klimkowski, Jan"]
[Black "Seemann, Jakub"]
[Result "1-0"]
[WhiteTitle "FM"]
[BlackTitle "FM"]
[WhiteElo "2305"]
[BlackElo "2306"]

1. d4 Nf6 2. c4 e6 3. Nf3 d5 4. g3 dxc4 5. Bg2 a6 6. O-O Nc6 7. e3 Rb8 8. Qe2 b5
9. b3 cxb3 10. axb3 Bd6 11. Bb2 O-O 12. e4 Be7 13. Nbd2 Bb7 14. Rfd1 Nb4 15. Rac1
c5 16. e5 Nd7 17. Ne4 Qb6 18. dxc5 Nxc5 19. Nf6+ Kh8 20. Ng5 h6 21. Bxb7 Rxb7
22. Bd4 Rc7 23. Nge4 Nbd3 24. Rxd3 Nxd3 25. Bxb6 Rxc1+ 26. Kg2 Nxe5 27. Ng4 Nxg4
28. Qxg4 f5 29. Qf4 Rfc8 30. Bd4 Kh7 31. Qe5 Bf8 32. Nd2 R1c6 33. Nf3 Rd8 34.
h4 Rd5 35. Qb8 Bd6 36. Qe8 Rcc5 37. Bxc5 Rxc5 38. Qxe6 Bf8 39. Ne5 1-0

[Event "Indywidualne Mistrzostwa Polski do lat 20"]
[Site "Pokrzywna"]
[Date "1899-12-30"]
[Round "6.9"]
[White "Sowinski, Pawel"]
[Black "Luberanski, Jakub"]
[Result "1/2-1/2"]
[WhiteTitle "I++"]
[BlackTitle "k"]
[WhiteElo "1767"]
[BlackElo "2125"]

1. c4 e5 2. Nc3 Nf6 3. g3 d5 4. cxd5 Nxd5 5. Bg2 Nb6 6. Nf3 Nc6 7. d3 Be7 8. O-O
O-O 9. a3 Be6 10. Be3 f6 11. Rc1 Qd7 12. Ne4 Nd4 13. b4 Nxf3+ 14. Bxf3 Bh3 15.
Re1 c6 16. Nc5 Bxc5 17. Rxc5 Nd5 18. Bd2 Nc7 19. Rc1 Ne6 20. Qb3 Kh8 21. Bc3 Ng5
22. Bb2 Be6 23. Qc2 Nxf3+ 24. exf3 Bf5 25. Rcd1 Rfd8 26. Qc3 Qd5 27. Kg2 Rac8
28. d4 e4 29. fxe4 Bxe4+ 30. f3 Bf5 31. Re7 b6 32. Rde1 a5 33. bxa5 bxa5 34. Qc5
h6 35. g4 Bg6 36. Kg3 Qb3 37. Qc3 Rb8 38. R1e2 Qxc3 39. Bxc3 Rb3 1/2-1/2

[Event "Indywidualne Mistrzostwa Polski do lat 20"]
[Site "Pokrzywna"]
[Date "1899-12-30"]
[Round "6.10"]
[White "Trybus, Daniel"]
[Black "Kozak, Antoni"]
[Result "0-1"]
[WhiteTitle "I++"]
[BlackTitle "m"]
[WhiteElo "2125"]
[BlackElo "2375"]

1. e4 c6 2. d4 d5 3. Nc3 a6 4. Be2 g6 5. e5 Bg7 6. f4 h5 7. Be3 Nh6 8. Nf3 Bg4
9. Qd2 Nf5 10. Bf2 Nd7 11. g3 f6 12. exf6 exf6 13. O-O-O Qc7 14. h3 Bxf3 15. Bxf3
O-O-O 16. Rde1 Bh6 17. h4 Nd6 18. Re6 Nf8 19. Re2 f5 20. Na4 Nd7 21. Re6 Rhg8
22. Rhe1 Bf8 23. Kb1 b5 24. Nc3 Nb6 25. R1e5 Nbc4 26. Qe2 Nxe5 27. Bxd5 Nd7 28.
Rxd6 Bxd6 29. Bxg8 Rxg8 30. Qe6 Rg7 31. d5 c5 32. a4 b4 33. Nd1 Kb7 34. Ne3 Nf8
0-1

[Event "Indywidualne Mistrzostwa Polski do lat 20"]
[Site "Pokrzywna"]
[Date "1899-12-30"]
[Round "6.12"]
[White "Chyzy, Jakub"]
[Black "Skurniak, Szymon"]
[Result "1-0"]
[WhiteTitle "FM"]
[BlackTitle "k"]
[WhiteElo "2250"]
[BlackElo "2117"]

1. e4 c5 2. Nc3 a6 3. Nf3 b5 4. d4 cxd4 5. Nxd4 e6 6. Bd3 Qb6 7. Nb3 Bb7 8. O-O
d6 9. Kh1 Nf6 10. a3 h5 11. h3 Nbd7 12. Be3 Qc7 13. Qe2 Nc5 14. Bf4 Nfd7 15. Rfd1
Ne5 16. Nxc5 Qxc5 17. a4 b4 18. Nb1 Rc8 19. Bxa6 Bxa6 20. Qxa6 Be7 21. Qb5+ Qxb5
22. axb5 O-O 23. Ra7 Ng6 24. Bxd6 Rfd8 25. e5 Rb8 26. c4 Nxe5 27. Rxe7 Nxc4 28.
Bxb8 Rxd1+ 29. Kh2 Rxb1 30. Rc7 Na5 31. Ra7 Nc4 32. Rc7 Na5 33. Rc8+ Kh7 34. Bc7
Nb7 35. Rb8 Nc5 36. Bd6 Ne4 37. Be7 Nd2 38. Kg3 Rxb2 39. b6 Ne4+ 40. Kf4 Rxf2+
41. Kxe4 b3 42. b7 b2 43. Rh8+ Kxh8 44. b8=Q+ Kh7 45. Ba3 1-0